Score 0/200 Timer 20:00
3 Plays Today
Rank Name % Correct
13Mary
89.5%
91Ann
88.1%
15Elizabeth
84.8%
1Jennifer
83.4%
134Anne
81.4%
101Sara
79.9%
50Sarah
78.5%
65Catherine
78.3%
87Anna
78%
24Susan
77.2%
69Katherine
76.6%
17Laura
76.6%
3Lisa
75.5%
32Maria
74%
46Jessica
73.9%
109Carol
73.6%
12Julie
72.7%
40Rachel
72%
2Michelle
72%
5Amy
71.9%
16Christine
71.6%
27Patricia
71.2%
51Linda
70.7%
132Emily
69.5%
94Margaret
69.5%
26Christina
69.2%
167Marie
69%
130Julia
68.8%
113Beth
68.5%
14Rebecca
68.3%
76Amanda
67.8%
21Karen
67%
58Barbara
66%
7Melissa
65.9%
99Victoria
65.6%
8Stephanie
64.6%
105Diane
63.9%
111Janet
63.7%
23Kelly
63.4%
43Deborah
63.3%
83Diana
62.6%
118Kim
62.4%
137Samantha
61.8%
45Donna
61.6%
62Nancy
61.5%
145Angel
60.2%
10Nicole
60%
31Sandra
60%
4Kimberly
59.9%
108Kathy
59.6%
9Heather
59.4%
49Sharon
58.1%
115Allison
57.8%
6Angela
57.5%
68Theresa
57.3%
29Wendy
57%
30Andrea
55.7%
180Megan
55.6%
169Cathy
55.5%
18Tina
55.1%
119Jenny
54.8%
39Teresa
54.2%
72Paula
54.2%
66Debra
53.7%
34Pamela
53.3%
44Brenda
53.3%
110Carolyn
53.3%
Rank Name % Correct
73Danielle
53.3%
80Cindy
53.1%
102Kristi
52.7%
92Suzanne
52.6%
63Jill
52.6%
135Lynn
52.4%
53Carrie
52.3%
182Debbie
52.2%
79Jacqueline
51.8%
28Lori
51.6%
25Cynthia
51.5%
57Kathleen
51.5%
67Kristin
51.4%
19Tracy
50.8%
42Melanie
50.7%
93Erin
50.5%
143Natalie
50.2%
171Janice
50%
47Monica
49.5%
187Charlotte
49.3%
35Denise
49.2%
82Veronica
48.5%
56Cheryl
48.1%
103Kathryn
47.9%
33Stacy
47.8%
85Kristen
47.7%
71Holly
47.5%
86Erica
47.2%
198Joanna
46.5%
162Alison
46.4%
96Alicia
46.2%
11Tammy
45.9%
161Amber
45.9%
100Valerie
45.7%
133Vanessa
45.6%
78Gina
45.4%
98Laurie
45.4%
150Martha
45.2%
106Carla
44.7%
22Shannon
44%
20Dawn
42.8%
41Stacey
42.8%
114Jamie
42.5%
52Dana
42.3%
61Tiffany
41.9%
75Leslie
41.8%
178Leah
41.4%
70Sherry
41.3%
160Joy
41.3%
48April
41.2%
81Melinda
40.5%
38Tara
40.5%
88Tracey
40.2%
59Crystal
40.1%
36Michele
39.9%
157Bonnie
39.2%
74Christy
38.9%
112Kristina
38.2%
165Becky
38.1%
166Wanda
37.9%
60Rhonda
37.7%
55Robin
37.5%
54Tanya
37.4%
139Cassandra
37%
131Connie
35.9%
124Terri
35.7%
90Sheila
35.6%
Rank Name % Correct
84Tamara
35.4%
175Gloria
34.8%
164Virginia
34.4%
177Vicki
34.2%
138Erika
34.1%
77Renee
34%
64Heidi
33.7%
37Tonya
33.6%
95Shelly
33.5%
123Colleen
33.4%
127Kristine
32.7%
158Kristy
31.9%
181Penny
31.7%
188Belinda
31.4%
196Kara
30.9%
199Darlene
30.8%
192Christie
30.4%
155Annette
30.3%
140Brandy
29.5%
149Yvonne
29.4%
151Kelli
29.4%
97Jodi
29.2%
185Beverly
29.1%
170Natasha
28.9%
136Anita
28.8%
129Sherri
28.3%
179Toni
28.3%
156Bridget
28.2%
148Kerry
28.1%
194Charlene
27.3%
107Deanna
27%
172Jody
26.9%
197Meredith
26.4%
104Regina
26.3%
191Jeanette
25.9%
116Katrina
25.7%
126Shelley
25.2%
154Aimee
25%
142Krista
24.5%
120Traci
24.4%
141Brandi
24.4%
200Kendra
23.9%
153Sabrina
23.6%
195Sylvia
23.6%
121Tricia
23.5%
125Misty
23.4%
186Kari
23.1%
146Nichole
23.1%
89Yolanda
23%
189Yvette
23%
144Carmen
22.8%
168Kristie
22.7%
159Stacie
22.6%
128Felicia
22.2%
122Sonya
21.5%
193Robyn
21.4%
184Shawn
21%
173Nikki
20.9%
163Tracie
20.9%
190Kerri
20.3%
147Sheri
19.4%
152Monique
19.3%
174Shawna
19%
176Sonia
18.6%
183Trina
14.8%
117Katina
9.1%
Remove Ads.
Support Sporcle.
Get the best of Sporcle when you Go Orange. This ad-free experience offers more features, more stats, and more fun while also helping to support Sporcle. Thank you for becoming a member.

You're not logged in!

Compare scores with friends on all Sporcle quizzes.
OR
Log In

Show Comments

Extras

Top Quizzes Today


Score Distribution

Your Account Isn't Verified!

In order to create a playlist on Sporcle, you need to verify the email address you used during registration. Go to your Sporcle Settings to finish the process.

Report this User

Report this user for behavior that violates our Community Guidelines.

Details: